000 00601nam a2200241Ia 4500
005 20250425160721.0
008 250425s9999 xx 000 0 und d
020 _a9586004899
041 _aspa
082 _a658.81
100 _aBLESSINGTON, MARK
245 0 _aREINGENIERIA DE VENTAS: BASADA EN EL CLIENTE
250 _a1A ED.
260 _aBOGOTA
260 _aColombia
_bMcGRAW-HILL
_c1996
300 _a228
650 _aCLIENTES
650 _aESTRATEGIAS DE DESARROLLO
650 _aESTRATEGIAS DE MARKETING
650 _aMERCADOTECNIA Y VENTAS
942 _c01
010 _a3357
999 _c194745
_d194745